Hipon and Biya / (Record no. 105152)
[ view plain ]
| 000 -LEADER | |
|---|---|
| fixed length control field | 00405nam a2200157 a 4500 |
| 005 - DATE AND TIME OF LATEST TRANSACTION | |
| control field | 20140412111342.0 |
| 008 - FIXED-LENGTH DATA ELEMENTS--GENERAL INFORMATION | |
| fixed length control field | 110120s19uu xx 00 eng d |
| 020 ## - INTERNATIONAL STANDARD BOOK NUMBER | |
| International Standard Book Number | 971-508-238-9 |
| 050 ## - LIBRARY OF CONGRESS CALL NUMBER | |
| Classification number | Fil E |
| Item number | Hi52 2008 |
| 100 ## - MAIN ENTRY--PERSONAL NAME | |
| Personal name | Pacis, Carla |
| 245 ## - TITLE STATEMENT | |
| Title | Hipon and Biya / |
| Statement of responsibility, etc | Carla Pacis. |
| 260 ## - PUBLICATION, DISTRIBUTION, ETC. (IMPRINT) | |
| Place of publication, distribution, etc | Phils : |
| Name of publisher, distributor, etc | Adarna house, |
| Date of publication, distribution, etc | 2008. |
| 300 ## - PHYSICAL DESCRIPTION | |
| Extent | unp. |
| 440 ## - SERIES STATEMENT/ADDED ENTRY--TITLE | |
| Title | A book in 2 languages |
| Withdrawn status | Lost status | Damaged status | Home library | Current library | Shelving location | Date acquired | Source of acquisition | Cost, normal purchase price | Total Checkouts | Full call number | Barcode | Date last seen | Price effective from | Koha item type |
|---|---|---|---|---|---|---|---|---|---|---|---|---|---|---|
| Elizalde Library | Elizalde Library | Filipiniana Section | 01/20/2011 | 60.00 | Fil E Hi52 2008 | E9496 | 04/12/2014 | 04/12/2014 | Books |